| 000 | 00560nam a2200169 a 4500 | ||
|---|---|---|---|
| 001 | 000028992 | ||
| 005 | 20200930055249.0 | ||
| 008 | 110412s1998 dr 000 0 spa d | ||
| 040 |
_aDO-SdBNP _bspa _cBNPHU |
||
| 082 |
_axxxx _bN127h |
||
| 100 | 1 |
_aNadal Salas, Pablo _95154 |
|
| 245 | 1 | 3 |
_aEl pensamiento constitucional de Duarte / _cPablo Nadal Salas. |
| 260 |
_aSanto Domingo : _b[s. n.], _c[1998]. |
||
| 300 |
_a[9 p.] ; _c22 cm. |
||
| 500 | _aConferencia dictada en el Intituto Dominicano de periodismo (IDP) el día 25 de febrero de 1996 | ||
| 049 | _aBNPD | ||
| 999 |
_c28484 _d28484 |
||